Neon Genesis Evangelion /

Guardado en:
Bibliografiske detaljer
Andre forfattere: Anno, Hideaki (dir.) Conductor, Ishidô, Hiroyuki (realización) (realización), Satsukawa, Akio (guión) (guión), Anno, Hideaki (guión) (guión), Shigeta, Satoru (animación) (animación), Kurato, Yoichi (fotógrafo) (fotógrafo), Miki, Sachiko (montaje) (montaje), Sagisu, Shirô (música) (música), Ogata, Megumi (voz) (voz), Mitsuishi, Kotono (voz) (voz), Yamaguchi, Yuriko (voz) (voz), Spencer, Spike (voz) (voz), Keith, Allison (voz) (voz), Ulu, Sue (voz) (voz), Takamura, Akira (realización) (realización), Yamaguchi, Hiroshi (guión) (guión), Hanabatake, Mau (animación) (animación), Masuo, Shôichi (realización) (realización), Suzuki, Shunji (animación) (animación), Masayuki (realización) (realización), Masayuki (animación) (animación), Tsurumaki, Kazuya (realización) (realización), Honda, Takeshi (animación) (animación), Masayuki (guión) (guión), Tsurumaki, Kazuya (guión) (guión)
Format: Slide
Sprog:japansk
Udgivet: Japón : Tokio, Japón : Gainax ; TV Tokio, 1996, c1996
Serier:(Neon Genesis Evangelion ; 21)
(Neon Genesis Evangelion ; 22)
(Neon Genesis Evangelion ; 23)
(Neon Genesis Evangelion ; 24)
(Neon Genesis Evangelion ; 25)
(Neon Genesis Evangelion ; 26)
Fag:
Tags: Tilføj Tag
Ingen Tags, Vær først til at tagge denne postø!

MARC

LEADER 00000ngm^a2200000^a^4500
001 000195868
005 20250521000000.0
009 20260310102807.222
037 |a Acervo ITESO - Biblioteca 
041 |a JAP 
082 |a 302. 2342230952  |b ANN V. 21-26 
100 |a Anno, Hideaki  |e (dir.) 
240 1 1 |a [Neon Genesis Evangelion] 
240 1 1 |a [Neon Genesis Evangelion: He Was Aware that He Was Still a Child] 
240 1 1 |a [Neon Genesis Evangelion: Don't Be] 
240 1 1 |a [Neon Genesis Evangelion: Rei III] 
240 1 1 |a [Neon Genesis Evangelion: The Beginning and the End, or Knockin on Heaven's Door] 
245 1 0 |a Neon Genesis Evangelion /  |c Dir. de H. Anno ; realización de H. Ishidô... [et al.]. 
246 2 |a Título alternativo en español (España): 1-Eva 
246 2 |a Título alternativo en español (España): 2-Evangelion 
246 2 |a Título en la pantalla: Neon Genesis Evangelion: Fourth Children 
246 2 |a También se conoce como NGE 
264 4 |a Japón :  |b Gainax ;  |a Tokio, Japón :  |b TV Tokio,  |c 1996, c1996 
264 2 |a Houston, EUA :  |b A.D. Vision [distribución],  |c 2005, c2005 
300 |a 1 DVD región 1  |c (23, 23, 23, 23, 23, 23 min.) 
336 |a imagen móvil bidimensional  |b tdi  |2 rdacontenido 
337 |a video  |b v  |2 rdamedio 
338 |a videodisco  |b vd  |2 rdasoporte 
440 1 |a (Neon Genesis Evangelion ;  |v 21) 
440 1 |a (Neon Genesis Evangelion ;  |v 22) 
440 1 |a (Neon Genesis Evangelion ;  |v 23) 
440 1 |a (Neon Genesis Evangelion ;  |v 24) 
440 1 |a (Neon Genesis Evangelion ;  |v 25) 
440 1 |a (Neon Genesis Evangelion ;  |v 26) 
546 |a En japonés, con subtítulos opcionales: inglés 
546 |a Doblaje opcional: inglés 
610 |a ONU 
649 |a XX 
650 |a Programas de Ciencia-Ficción 
650 |a Dibujos Animados 
650 |a Televisión -  |z Japón -  |y 1990-1999 
650 |a Televisión -  |z Japón -  |y Siglo XX 
650 |a Adolescentes 
650 |a Robots 
650 |a Angeles 
650 |a Sectas 
650 |a Organizaciones Internacionales 
650 |a Manuscritos del Mar Muerto -  |x Historia y Crítica 
650 |a Biblia -  |x Nuevo Testamento -  |x Apocalipsis -  |x Historia y Crítica 
650 |a Fin del Mundo 
650 |a Salvación 
650 |a Milenarismo 
650 |a Destino y Fatalismo 
650 |a Religión 
650 |a Simbolismo 
650 |a Desarrollo Tecnológico 
650 |a Evolución 
650 |a Civilización 
650 |a Tokio, Japón en la Televisión 
740 0 |a Neon Genesis Evangelion :  |b He Was Aware that He Was Still a Child = Shin seiki evangelion : Nerufu, tanjou /  |c Dir. de H. Anno ; realización de H. Ishidô. 
740 0 |a Neon Genesis Evangelion :  |b Don't Be = Shin seiki evangelion : Semete, ningen rashiku /  |c Dir. de H. Anno ; realización de A. Takamura. 
740 0 |a Neon Genesis Evangelion :  |b Rei III = Shin seiki evangelion : Namida /  |c Dir. de H. Anno ; realización de S. Masuo. 
740 0 |a Neon Genesis Evangelion :  |b The Beginning and the End, or Knockin on Heaven's Door = Shin seiki evangelion : Saigo no shisha /  |c Dir. de H. Anno ; realización de Masayuki. 
740 0 |a Neon Genesis Evangelion :  |b Do You Love Me? = Shin seiki evangelion : Owaru sekai /  |c Dir. de H. Anno ; realización de K. Tsurumaki. 
740 0 |a Neon Genesis Evangelion :  |b Take Care of Yourself = Shin seiki evangelion : Sekai no chushin de ai wo sakenda kemono /  |c Dir. de H. Anno ; realización de Masayuki, K. Tsurumaki. 
700 |a Ishidô, Hiroyuki  |e (realización) 
700 |a Satsukawa, Akio  |e (guión) 
700 |a Anno, Hideaki  |e (guión) 
700 |a Shigeta, Satoru  |e (animación) 
700 |a Kurato, Yoichi  |e (fotógrafo) 
700 |a Miki, Sachiko  |e (montaje) 
700 |a Sagisu, Shirô  |e (música) 
700 |a Ogata, Megumi  |e (voz) 
700 |a Mitsuishi, Kotono  |e (voz) 
700 |a Yamaguchi, Yuriko  |e (voz) 
700 |a Spencer, Spike  |e (voz) 
700 |a Keith, Allison  |e (voz) 
700 |a Ulu, Sue  |e (voz) 
700 |a Takamura, Akira  |e (realización) 
700 |a Yamaguchi, Hiroshi  |e (guión) 
700 |a Hanabatake, Mau  |e (animación) 
700 |a Masuo, Shôichi  |e (realización) 
700 |a Suzuki, Shunji  |e (animación) 
700 |a Masayuki  |e (realización) 
700 |a Masayuki  |e (animación) 
700 |a Tsurumaki, Kazuya  |e (realización) 
700 |a Honda, Takeshi  |e (animación) 
700 |a Masayuki  |e (guión) 
700 |a Tsurumaki, Kazuya  |e (guión) 
910 |a Fondo General 
920 |a Audiovisuales - DVDs 
905 |a 302 
901 |a 0500139489  |b IT2  |c DVS  |u 20250521 
902 |a https://opac.biblio.iteso.mx/vufind/Record/000195868